David Bowie Opening Lines Quiz - Statistics

General Stats
  • This quiz has been taken 735 times
  • The average score is 12 of 20
Answer Stats
Opening Lyrics Song % Correct
Ground control to Major Tom Space Oddity
98%
I, I will be king Heroes
96%
It's a god-awful small affair, To the girl with the mousy hair Life on Mars
95%
You've got your mother in a whirl, She's not sure if you're a boy or a girl Rebel Rebel
80%
Still don't know what I was waiting for, And my time was running wild Changes
76%
I'm an alligator, I'm a mama-papa coming for you Moonage Daydream
76%
Didn't now what time it was, the lights were low Starman
69%
Time takes a cigarette, puts it in your mouth Rock 'n' Roll Suicide
64%
Hey man, Oh leave me alone, you know Suffragette City
64%
We passed upon the stair, We spoke of was and when The Man who sold the World
63%
There's a brand new dance but I don't know its name Fashion
60%
Do you remember a guy that's been, In such an early song Ashes to Ashes
55%
Look up here, I'm in heaven Lazarus
53%
People stared at the make-up on his face Lady Stardust
52%
I know when to go out, And when to stay in, Get things done Modern Love
50%
In the villa of Ormen, In the villa of Ormen, Stands a solitary candle Blackstar
43%
As they pulled you out of the oxygen tent, You asked for the latest party Diamond Dogs
39%
Billy rapped all night about his suicide All the Young Dudes
37%
Watching him dash away, Swinging an old bouquet Aladdin Sane
27%
Well, Annie's pretty neat, she always eats her meat John, I'm only Dancing
21%
No matching quizzes found
Score Distribution
Percent of People with Each Score
Percentile by Number Answered
Your Score History
You have not taken this quiz